Making sense of acute medicine: a guide to diagnosis (Record no. 31935)

MARC details
000 -LEADER
fixed length control field 00701nam a2200181 a 4500
008 - FIXED-LENGTH DATA ELEMENTS--GENERAL INFORMATION
fixed length control field 120222s2010 ||||||||||||||||| || u
020 ## - INTERNATIONAL STANDARD BOOK NUMBER
International Standard Book Number 9780340984253
050 ## - LIBRARY OF CONGRESS CALL NUMBER
Classification number RC 86.7 Jen
100 ## - MAIN ENTRY--PERSONAL NAME
Personal name Johnson, Paula Harriet
245 10 - TITLE STATEMENT
Title Making sense of acute medicine: a guide to diagnosis
Statement of responsibility, etc. Paul F. Jenkins, Paula H. Johnson
260 ## - PUBLICATION, DISTRIBUTION, ETC.
Place of publication, distribution, etc. London
Name of publisher, distributor, etc. Hodder Arnold
Date of publication, distribution, etc. 2010
300 ## - PHYSICAL DESCRIPTION
Extent xii, 308p.: ill.
350 ## -
-- 0.00
650 ## - SUBJECT ADDED ENTRY--TOPICAL TERM
Topical term or geographic name entry element MEDICAL EMERGENCIES
650 ## - SUBJECT ADDED ENTRY--TOPICAL TERM
Topical term or geographic name entry element CRITICAL CARE MEDICINE
700 ## - ADDED ENTRY--PERSONAL NAME
Personal name Jenkins, Paul F
995 ## -
-- MEDICAL LIBRARY OPEN ACCESS
-- 901587
-- CBU-SCHOOL OF MEDICINE LIBRARY (Ndola)
-- 0.00
-- RC 86.7 Jen
-- 1
-- AVAILABLE
-- Jul 13, 2012
-- 901587
-- Medical Library Open Access Collection
999 ## -
-- 31935
-- 31935
Holdings
Withdrawn status Lost status Source of classification or shelving scheme Damaged status Not for loan Permanent Location Current Location Shelving location Date acquired Total Checkouts Full call number Barcode Date last seen Price effective from Koha item type
          CBU-SCHOOL OF MEDICINE LIBRARY, NDOLA. CBU-SCHOOL OF MEDICINE LIBRARY, NDOLA.   11/30/2022   RC 86.7 Jen 901587 11/30/2022 11/30/2022 MONOGRAPH